000
00451nam a2200169Ia 4500
008
090711s9999 xx 000 0 und d
082
_b
64974
100
_a
सावंत वसंत
245
_a
स्वस्तिक
260
_c
1990
300
_a
80
600
_a
सावंत वसंत
630
_a
स्वस्तिक
700
_a
सावंत वसंत
730
_a
स्वस्तिक
942
_c
BOOK
999
_c
291934
_d
291934